Pokémon de la 8G - Statistiques

Statistiques générales
  • Ce quiz a été pris 1 340 fois
  • Le résultat moyen est 68 sur 89
Statistiques - réponses
Nom % Correct
815 Pyrobut
97%
888 Zacian
96%
889 Zamazenta
96%
823 Corvaillus
94%
816 Larmeleon
94%
810 Ouistempo
94%
813 Flambino
93%
812 Gorythmic
93%
890 Ethernatos
92%
818 Lezargus
92%
821 Minisange
92%
811 Badabouin
91%
822 Bleuseille
91%
814 Lapyro
91%
831 Moumouton
88%
892 Shifours
88%
887 Lanssorien
87%
817 Arrozard
86%
832 Moumouflon
86%
819 Rongourmand
84%
897 Spectreval
84%
861 Angoliath
83%
851 Scolocendre
83%
858 Sorcilence
83%
820 Rongrigou
82%
898 Sylveroy
82%
834 Torgamord
82%
838 Wagomine
82%
891 Wushours
82%
896 Blizzeval
81%
859 Grimalin
81%
856 Bibichut
80%
837 Charbi
80%
884 Duralugon
80%
885 Fantyrm
80%
862 Ixon
80%
839 Monthracite
80%
895 Regidrago
80%
826 Astronelle
79%
857 Chapotus
79%
886 Dispareptil
79%
894 Regieleki
79%
828 Roublenard
79%
860 Fourbelin
78%
833 Khelocrok
78%
825 Coleodome
77%
850 Grillepattes
77%
830 Blancoton
76%
824 Larvadar
76%
835 Voltoutou
75%
873 Beldeneige
74%
827 Goupilou
73%
882 Hydragon
73%
829 Tournicoton
73%
872 Frissonille
72%
836 Fulgudog
72%
883 Hydragla
72%
893 Zarude
72%
874 Dolman
71%
849 Salarsen
71%
848 Toxizap
71%
867 Tutetekri
71%
863 Berserkatt
70%
881 Galvagla
70%
880 Galvagon
70%
866 M. Glaquette
70%
852 Poulpaf
70%
875 Bekaglaçon
69%
853 Krakos
69%
877 Morpeko
69%
865 Palarticho
69%
869 Charmilly
68%
868 Cremy
68%
842 Dratatin
68%
841 Pomdrapi
68%
870 Hexadron
67%
840 Verpom
67%
847 Hastacuda
66%
844 Dunaconda
65%
846 Embrochet
65%
879 Pachyradjah
64%
864 Corayome
63%
843 Dunaja
63%
845 Nigosier
62%
854 Theffroi
61%
855 Polthegeist
58%
878 Charibari
57%
876 Wimessir
54%
871 Wattapik
50%
Aucun quiz correspondant
Distribution des résultats
% des personnes avec chaque résultat
Percentile par nombre de réponses
Votre historique - résultats
Vous n’avez pas pris ce quiz